000 00648nam a22001937a 4500
003 OSt
005 20260318003858.0
008 260318b |||||||| |||| 00| 0 eng d
020 _a971-506-108-7.
040 _aDWCL Main lib
_cOC
082 _a Fil. 490.7 M398 2003
100 _aAguilar-Barcelona, Lucita et. al.
245 _aMasining na komunikasyon:
_bFilipino I
_cLucita Aguilar-Barcelona et. al.
260 _aManila :
_bUST Publishing House,
_cc2003.
300 _axi, 196 p. :
_bill. ;
_c23 cm.
504 _aIncludes bibliographical references.
650 _a1. Filipino language-Study and teaching.
942 _2ddc
_cBK - FIL
_kFil.
_n0
999 _c9246
_d9246